| 000 | 00887nam a2200217Ia 4500 | ||
|---|---|---|---|
| 999 |
_c35832 _d35832 |
||
| 001 | 1723 | ||
| 003 | GE_BSU | ||
| 005 | 20250220171221.0 | ||
| 008 | 181216s1970||||ge |||||||||||||| ||geo|| | ||
| 040 | _cGE_BSU | ||
| 041 | _ageo | ||
| 080 | _a611(075.8) კ-36 | ||
| 100 |
_aკახიანი, ს. _924020 |
||
| 245 |
_aადამიანის ანატომია : _b[სახელმძღვ. სტუდენტებისათვის]. _cსაულ კახიანი. |
||
| 264 |
_aთბილისი : _bთბილ. უნ-ტის გამ-ბა, _c1970. |
||
| 300 |
_a285 გვ. ; _b25 სმ. |
||
| 653 | _aადამიანის ანატომია | ||
| 653 | _aმედიცინა | ||
| 856 |
_uhttps://dspace.nplg.gov.ge/bitstream/1234/435763/1/Adamianis_Anatomia_1970.pdf _yელ. ვერსია |
||
| 942 |
_cBK _2udc |
||